Abhandlungen der Akademie der Wissenschaften der DDR. (Record no. 1765)
[ view plain ]
| 000 -LEADER | |
|---|---|
| fixed length control field | 02554cas a2200517 a 4500 |
| 001 - CONTROL NUMBER | |
| control field | data |
| 005 - DATE AND TIME OF LATEST TRANSACTION | |
| control field | 20260322212116.0 |
| 008 - FIXED-LENGTH DATA ELEMENTS--GENERAL INFORMATION | |
| fixed length control field | data |
| 010 ## - LIBRARY OF CONGRESS CONTROL NUMBER | |
| LC control number | 74642567 |
| 016 7# - NATIONAL BIBLIOGRAPHIC AGENCY CONTROL NUMBER | |
| Record control number | 550001530 |
| Source | DE-101 |
| 019 ## - | |
| -- | 1243758455 |
| -- | 1045082335 |
| -- | 1102296926 |
| -- | 1114940253 |
| -- | 1221048589 |
| -- | 1243758455 |
| 022 ## - INTERNATIONAL STANDARD SERIAL NUMBER | |
| International Standard Serial Number | 0302-8054 |
| Source | z |
| 023 0# - CLUSTER ISSN | |
| Cluster ISSN | 0302-8054 |
| Source | z |
| 029 1# - OTHER SYSTEM CONTROL NUMBER (OCLC) | |
| OCLC library identifier | AU@ |
| System control number | 000000976898 |
| 029 1# - OTHER SYSTEM CONTROL NUMBER (OCLC) | |
| OCLC library identifier | HEBIS |
| System control number | 072569743 |
| 029 1# - OTHER SYSTEM CONTROL NUMBER (OCLC) | |
| OCLC library identifier | HEBIS |
| System control number | 185596339 |
| 029 1# - OTHER SYSTEM CONTROL NUMBER (OCLC) | |
| OCLC library identifier | NZ1 |
| System control number | 4932736 |
| 029 1# - OTHER SYSTEM CONTROL NUMBER (OCLC) | |
| OCLC library identifier | ZWZ |
| System control number | 039370283 |
| 030 ## - CODEN DESIGNATION | |
| CODEN | AAWDAJ |
| 035 ## - SYSTEM CONTROL NUMBER | |
| System control number | (OCoLC)1792807 |
| 040 ## - CATALOGING SOURCE | |
| Original cataloging agency | DLC |
| Language of cataloging | eng |
| Transcribing agency | DLC |
| Modifying agency | OCLCQ |
| -- | NST |
| -- | OCLCQ |
| -- | WAU |
| -- | OCLCQ |
| -- | HEBIS |
| -- | OCLCO |
| -- | OCLCQ |
| -- | OCLCF |
| -- | OCLCA |
| -- | CAI |
| -- | OCLCQ |
| -- | HUELT |
| -- | OCLCQ |
| -- | HUL |
| -- | OCLCO |
| -- | OCLCL |
| -- | OCLCQ |
| 042 ## - AUTHENTICATION CODE | |
| Authentication code | pcc |
| 050 00 - LIBRARY OF CONGRESS CALL NUMBER | |
| Classification number | Q49 |
| Item number | .A39a |
| 210 0# - ABBREVIATED TITLE | |
| Abbreviated title | Abh. Akad. Wiss. DDR |
| 222 #0 - KEY TITLE | |
| Key title | Abhandlungen der Akademie der Wissenschaften der DDR |
| 245 00 - TITLE STATEMENT | |
| Title | Abhandlungen der Akademie der Wissenschaften der DDR. |
| 260 ## - PUBLICATION, DISTRIBUTION, ETC. | |
| Place of publication, distribution, etc. | Berlin : |
| Name of publisher, distributor, etc. | Akademie-Verlag |
| 300 ## - PHYSICAL DESCRIPTION | |
| Extent | volumes : |
| Other physical details | illustrations ; |
| Dimensions | 31 cm |
| 336 ## - CONTENT TYPE | |
| Content type term | text |
| Content type code | txt |
| Source | rdacontent |
| 337 ## - MEDIA TYPE | |
| Media type term | unmediated |
| Media type code | n |
| Source | rdamedia |
| 338 ## - CARRIER TYPE | |
| Carrier type term | volume |
| Carrier type code | nc |
| Source | rdacarrier |
| 580 ## - LINKING ENTRY COMPLEXITY NOTE | |
| Linking entry complexity note | Split into: Abhandlungen der Akademie der Wissenschaften der DDR, Abteilung Gesellschaftswissenschaften; Abhandlungen der Akademie der Wissenschaften der DDR, Abteilung Mathematik, Naturwissenschaften, Technik; and: Abhandlungen der Akademie der Wissenschaften der DDR, Abteilung Veröffentlichungen der Wissenschaftlichen Räte. |
| 588 ## - SOURCE OF DESCRIPTION NOTE | |
| Source of description note | Description based on: Jahrg. 1973. |
| 650 #0 - SUBJECT ADDED ENTRY--TOPICAL TERM | |
| Topical term or geographic name entry element | Science. |
| 650 12 - SUBJECT ADDED ENTRY--TOPICAL TERM | |
| Topical term or geographic name entry element | Science. |
| 650 #7 - SUBJECT ADDED ENTRY--TOPICAL TERM | |
| Topical term or geographic name entry element | Science. |
| Source of heading or term | fast |
| Authority record control number or standard number | (OCoLC)fst01108176 |
| 710 2# - ADDED ENTRY--CORPORATE NAME | |
| Corporate name or jurisdiction name as entry element | Akademie der Wissenschaften der DDR. |
| Real World Object URI | https://id.oclc.org/worldcat/entity/E39QH7JmrdKwQ8YBYxY6vwkDY6 |
| 776 08 - ADDITIONAL PHYSICAL FORM ENTRY | |
| Relationship information | Online version: |
| Title | Abhandlungen der Akademie der Wissenschaften der DDR |
| Record control number | (OCoLC)903915459 |
| 780 00 - PRECEDING ENTRY | |
| Title | Abhandlungen der Deutschen Akademie der Wissenschaften zu Berlin |
| International Standard Serial Number | 0373-0581 |
| Record control number | (OCoLC)1478665 |
| -- | (OCoLC)1478665 |
| 785 16 - SUCCEEDING ENTRY | |
| Title | Abhandlungen der Akademie der Wissenschaften der DDR, Abteilung Gesellschaftswissenschaften |
| International Standard Serial Number | 0138-4163 |
| 785 16 - SUCCEEDING ENTRY | |
| Title | Abhandlungen der Akademie der Wissenschaften der DDR, Abteilung Mathematik, Naturwissenschaften, Technik |
| International Standard Serial Number | 0138-1059 |
| Record control number | (OCoLC)3837965 |
| -- | (OCoLC)3837965 |
| 785 16 - SUCCEEDING ENTRY | |
| Title | Abhandlungen der Akademie der Wissenschaften der DDR, Abteilung Veröffentlichungen der Wissenschaftlichen Räte |
| International Standard Serial Number | 0138-421X |
| Record control number | (OCoLC)5312813 |
| -- | (OCoLC)5312813 |
| 906 ## - LOCAL DATA ELEMENT F, LDF (RLIN) | |
| a | 7 |
| b | cbc |
| c | serials |
| d | 3 |
| e | ncip |
| f | 19 |
| g | n-oclcserc |
| 991 ## - | |
| -- | c-GenColl |
| -- | Q49 |
| -- | .A39a |
| -- | SERIALS |
| Withdrawn status | Lost status | Damaged status | Not for loan | Home library | Current library | Shelving location | Date acquired | Total checkouts | Full call number | Barcode | Date last seen | Price effective from | Koha item type |
|---|---|---|---|---|---|---|---|---|---|---|---|---|---|
| Franklin | Franklin | General stacks | 22/03/2026 | Q49 | LOC-FRL-00001 | 22/03/2026 | 22/03/2026 | Books |